[Event "Leitersdorf Region-ch"]
[Site "Leitersdorf"]
[Date "2014.01.05"]
[Round "4"]
[White "Steiner, Paul Mario"]
[Black "Niesswohl, Werner"]
[Result "1/2-1/2"]
[WhiteElo "1667"]
[BlackElo "1623"]
[PlyCount "72"]
[EventDate "2014.01.02"]
[EventType "swiss"]
[EventRounds "5"]
[EventCountry "AUT"]
[SourceTitle "CBM 158 Extra"]
[Source "ChessBase"]
[SourceDate "2014.02.28"]
[SourceVersion "1"]
[SourceVersionDate "2014.02.28"]
[SourceQuality "1"]

1. d4 d6 2. Nf3 g6 3. g3 Bg7 4. Bg2 Nf6 5. 0-0 0-0 6. Nbd2 Nbd7 7. c4 c5 8. d5 Rb8 9. Rb1 b5 10. b3 Qa5 11. a3 Ba6 12. Qc2 bxc4 13. bxc4 Rxb1 14. Nxb1 Rb8 15. Bb2 Qb6 16. Ba1 Qb3 17. Qxb3 Rxb3 18. Nfd2 Rb8 19. Bf3 Ne8 20. Bxg7 Kxg7 21. Rc1 Ne5 22. Be4 Nf6 23. Bd3 Nxd3 24. exd3 Rb2 25. Rc3 Ng4 26. h3 Ne5 27. f4 Nf3+ 28. Nxf3 Rxb1+ 29. Kf2 e6 30. dxe6 fxe6 31. Ng5 Bc8 32. Ne4 Rb6 33. h4 Bb7 34. Nd2 Kf6 35. Rb3 Kf5 36. Rxb6 axb6 1/2-1/2